| 000 | 00786cab a2200241 4500 | ||
|---|---|---|---|
| 001 | WB3131-22 | ||
| 008 | 090401t1995 xxu||||| |||| 00| 0 eng d | ||
| 035 | _a(Sirsi) u51628 | ||
| 041 | _aeng | ||
| 245 | _aTishman pulls out of Canary Wharf bidding | ||
| 260 | _c1995 | ||
| 350 | _a0 | ||
| 490 |
_aObserver _v6 August 1995, B.1(1) |
||
| 520 | _aDiscusses US developer Tishman Speyer`s decision to withdraw from the bidding for Canary Wharf. Also refers to Frogmore Estates purchase of Butlers Wharf. | ||
| 650 | _aBUTLERS WHARF | ||
| 650 | _aCANARY WHARF | ||
| 650 | _aFROGMORE ESTATES | ||
| 650 | _aLONDON DOCKLANDS | ||
| 650 | _aTISHMAN SPEYER | ||
| 690 | _aPROPERTY-COMMERCIAL PROPERTY-COMMERCIAL PROPERTY FINANCE AND INVESTMENT | ||
| 942 | _n0 | ||
| 948 | _c04/03/1997 | ||
| 999 |
_c32041 _d32041 |
||